[Event "Berlin Lichtenberger op 13th"]
[Site "Berlin"]
[Date "2014.08.22"]
[Round "7"]
[White "Raab, Helen"]
[Black "Flick, Antoine"]
[Result "1/2-1/2"]
[WhiteElo "1851"]
[BlackElo "2035"]
[PlyCount "67"]
[EventDate "2014.08.16"]
[EventType "swiss"]
[EventRounds "9"]
[EventCountry "GER"]
[SourceTitle "CBM 161 Extra"]
[Source "ChessBase"]
[SourceDate "2014.08.29"]
[SourceVersion "1"]
[SourceVersionDate "2014.08.29"]
[SourceQuality "1"]

1. e4 c5 2. Nf3 Nc6 3. d4 cxd4 4. Nxd4 e5 5. Nb5 d6 6. N1c3 a6 7. Na3 b5 8. Nd5 Nge7 9. c4 Nd4 10. Nc2 Nxd5 11. cxd5 Bg4 12. Qd3 Nxc2+ 13. Qxc2 Be7 14. Bd3 Rc8 15. Qb3 Bg5 16. 0-0 0-0 17. a4 Bd7 18. axb5 axb5 19. Bxg5 Qxg5 20. Bxb5 Rb8 21. Ra5 Qd8 22. Qa4 Bxb5 23. Rxb5 Qd7 24. Ra5 Qxa4 25. Rxa4 Rxb2 26. Ra6 Rd8 27. f3 Kf8 28. h4 Rc8 29. Kh2 Rcc2 30. Rg1 Ke7 31. Ra7+ Ke8 32. Kh3 h5 33. Ra8+ Kd7 34. Rga1 1/2-1/2

[Event "Berlin-ch QT"]
[Site "Berlin"]
[Date "2014.04.22"]
[Round "4"]
[White "Prix, Siegfried"]
[Black "Raab, Helen"]
[Result "0-1"]
[WhiteElo "1801"]
[BlackElo "1832"]
[PlyCount "62"]
[EventDate "2014.04.19"]
[EventType "swiss"]
[EventRounds "9"]
[EventCountry "GER"]
[SourceTitle "EXT 2022"]
[Source "ChessBase"]
[SourceDate "2021.10.06"]
[SourceVersion "1"]
[SourceVersionDate "2021.10.06"]
[SourceQuality "1"]

1. d4 d5 2. e4 dxe4 3. Nc3 Nf6 4. f3 exf3 5. Qxf3 Nc6 6. Bb5 Bd7 7. Nge2 a6 8. Ba4 e6 9. Bg5 Be7 10. 0-0 0-0 11. Rad1 Ne8 12. Bxe7 Qxe7 13. Ne4 Nb4 14. Bxd7 Qxd7 15. Nc5 Qd5 16. Qxd5 Nxd5 17. Rf3 Nd6 18. Nd7 Rfe8 19. Ne5 f6 20. Nd3 b6 21. b3 Nf5 22. Kf2 Rad8 23. g4 Nd6 24. c4 Ne4+ 25. Kg2 Ndc3 26. Nxc3 Nxc3 27. Rc1 Ne2 28. Rd1 Nxd4 29. Re3 Kf7 30. Nf4 g5 31. Nh3 Nc2 0-1

[Event "GER-chT U18 Girls"]
[Site "Germany"]
[Date "2011.05.14"]
[Round "4.1"]
[White "Hillmer, Nicole"]
[Black "Raab, Helen"]
[Result "0-1"]
[WhiteElo "1204"]
[BlackElo "1884"]
[PlyCount "52"]
[EventDate "2011.05.13"]
[EventType "team-swiss"]
[EventRounds "7"]
[EventCountry "GER"]
[SourceTitle "EXT 2012"]
[Source "ChessBase"]
[SourceDate "2011.11.24"]
[SourceVersion "1"]
[SourceVersionDate "2011.11.24"]
[SourceQuality "1"]
[WhiteTeam "Neureut Gymn (W)"]
[BlackTeam "Gonsenheim Gymn (W)"]
[WhiteTeamCountry "GER"]
[BlackTeamCountry "GER"]

1. e4 e6 2. Nc3 d5 3. exd5 exd5 4. d4 c6 5. Nf3 Bd6 6. Bd3 Ne7 7. 0-0 Bg4 8. Re1 f6 9. Be2 Qc7 10. g3 Nd7 11. Nh4 Bxe2 12. Rxe2 0-0-0 13. Qe1 g5 14. Ng2 Ng6 15. Bd2 h5 16. h3 Nb6 17. b3 Kb8 18. a4 Qd7 19. Kh2 h4 20. Re6 hxg3+ 21. fxg3 Nf8 22. Rxd6 Rxh3+ 23. Kg1 Qxd6 24. g4 Ng6 25. Ne2 Qh2+ 26. Kf1 Rf3+ 0-1

[Event "GER-chT U18 Girls"]
[Site "Germany"]
[Date "2011.05.13"]
[Round "3.1"]
[White "Raab, Helen"]
[Black "Frey, Alisa"]
[Result "0-1"]
[WhiteElo "1884"]
[BlackElo "2014"]
[PlyCount "58"]
[EventDate "2011.05.13"]
[EventType "team-swiss"]
[EventRounds "7"]
[EventCountry "GER"]
[SourceTitle "EXT 2012"]
[Source "ChessBase"]
[SourceDate "2011.11.24"]
[SourceVersion "1"]
[SourceVersionDate "2011.11.24"]
[SourceQuality "1"]
[WhiteTeam "Gonsenheim Gymn (W)"]
[BlackTeam "Stein Koenigsberg (W)"]
[WhiteTeamCountry "GER"]
[BlackTeamCountry "GER"]

1. e4 c5 2. Nf3 d6 3. d4 cxd4 4. Nxd4 Nf6 5. Nc3 a6 6. Be2 e6 7. Be3 Be7 8. Qd2 b5 9. f3 Bb7 10. Bd3 Nbd7 11. 0-0 0-0 12. Nce2 d5 13. exd5 Nxd5 14. Bf2 Rc8 15. Rad1 Nc5 16. c3 e5 17. Nf5 Bg5 18. Qc2 g6 19. h4 Bf6 20. Nh6+ Kg7 21. Ng4 Bxh4 22. Ng3 Qe7 23. Rfe1 Nxd3 24. Qxd3 Nf4 25. Qd7 Qxd7 26. Rxd7 Bc6 27. Ra7 Nd3 28. Ne4 Bxf2+ 29. Ngxf2 Nxe1 0-1

[Event "BL2 Sued 1011 (Women)"]
[Site "Germany"]
[Date "2010.12.05"]
[Round "4.3"]
[White "Raab, Helen"]
[Black "Mueller, Elke"]
[Result "1/2-1/2"]
[WhiteElo "1705"]
[BlackElo "1988"]
[PlyCount "112"]
[EventDate "2010.11.06"]
[EventType "team-tourn"]
[EventRounds "7"]
[EventCountry "GER"]
[SourceTitle "EXT 2012"]
[Source "ChessBase"]
[SourceDate "2011.11.24"]
[SourceVersion "1"]
[SourceVersionDate "2011.11.24"]
[SourceQuality "1"]
[WhiteTeam "Mainz Orient (W)"]
[BlackTeam "Differten (W)"]
[WhiteTeamCountry "GER"]
[BlackTeamCountry "GER"]

1. e4 d5 2. exd5 Nf6 3. c4 c6 4. d4 cxd5 5. Nc3 Nc6 6. cxd5 Nxd5 7. Nf3 e6 8. Bc4 Nb6 9. Bb3 Bd6 10. 0-0 a6 11. Re1 0-0 12. a3 Be7 13. Ne4 Nd5 14. Be3 b5 15. Rc1 Bb7 16. Nc5 Na5 17. Ba2 Nxe3 18. fxe3 Bd5 19. Bxd5 exd5 20. Ne5 Bxc5 21. Rxc5 Rc8 22. Nd3 Re8 23. Qf3 Rxc5 24. Nxc5 Qd6 25. Rf1 Re7 26. b3 g6 27. Qh3 f5 28. Qh6 Nb7 29. b4 Nxc5 30. bxc5 Qe6 31. Rf3 a5 32. Qf4 Rb7 33. Rf2 b4 34. axb4 axb4 35. Rb2 Kg7 36. Kf2 h6 37. Qf3 g5 38. g3 Kg6 39. Qe2 Qc6 40. Ra2 Rb5 41. Rb2 g4 42. Qd2 Qb7 43. Qc2 b3 44. Qc3 h5 45. Ke2 Qb8 46. c6 Qc7 47. Rxb3 Rxb3 48. Qxb3 Qxc6 49. Kd2 Kg5 50. Qc3 Qb7 51. Qc2 h4 52. gxh4+ Kxh4 53. Qxf5 Qb4+ 54. Kd1 Qa4+ 55. Ke1 Qa1+ 56. Kf2 Qb2+ 1/2-1/2

[Event "Karl Mala Memorial op 13th"]
[Site "Frankfurt"]
[Date "2010.07.17"]
[Round "3"]
[White "Pollmann, Sascha"]
[Black "Raab, Helen"]
[Result "1-0"]
[WhiteElo "2013"]
[BlackElo "1697"]
[PlyCount "75"]
[EventDate "2010.07.08"]
[EventType "swiss"]
[EventRounds "7"]
[EventCountry "GER"]
[SourceTitle "EXT 2012"]
[Source "ChessBase"]
[SourceDate "2011.11.24"]
[SourceVersion "1"]
[SourceVersionDate "2011.11.24"]
[SourceQuality "1"]

1. Nf3 d5 2. g3 c5 3. Bg2 Nf6 4. 0-0 Nc6 5. d3 e5 6. e4 d4 7. a4 Bd6 8. Na3 Na5 9. Bd2 Be6 10. Qe1 Nc6 11. Ng5 Qe7 12. Nxe6 Qxe6 13. f4 0-0-0 14. Nc4 Kb8 15. a5 h5 16. a6 b6 17. f5 Qd7 18. Nxd6 Qxd6 19. Bg5 Rc8 20. Qe2 Ne8 21. Bf3 h4 22. Bxh4 Rxh4 23. gxh4 Qh6 24. Qf2 Nc7 25. f6 g6 26. Bg4 Rd8 27. Qg3 Rd6 28. Bh3 Qh5 29. Qg4 Qxg4+ 30. Bxg4 Nb4 31. Rf2 Ne8 32. Raf1 Nxa6 33. h5 gxh5 34. Bxh5 Rd7 35. Rg2 Nd6 36. Rg8+ Kb7 37. Bg4 Rc7 38. h4 1-0

[Event "GER-ch Schools U18 Girls"]
[Site "Germany"]
[Date "2010.05.08"]
[Round "6.1"]
[White "Raab, Helen"]
[Black "Klinger, Jacquelin"]
[Result "1/2-1/2"]
[WhiteElo "1697"]
[BlackElo "1544"]
[PlyCount "128"]
[EventDate "2010.05.07"]
[EventType "team-swiss"]
[EventRounds "7"]
[EventCountry "GER"]
[SourceTitle "EXT 2011"]
[Source "ChessBase"]
[SourceDate "2010.11.26"]
[SourceVersion "1"]
[SourceVersionDate "2010.11.26"]
[SourceQuality "1"]
[WhiteTeam "Mainz Gymn (W)"]
[BlackTeam "Wattenscheid (W)"]
[WhiteTeamCountry "GER"]
[BlackTeamCountry "GER"]

1. e4 c5 2. Nf3 e6 3. d4 cxd4 4. Nxd4 Ne7 5. Nb5 Ng6 6. Nd6+ Bxd6 7. Qxd6 Qe7 8. Qxe7+ Nxe7 9. Bf4 0-0 10. Bd6 Nbc6 11. Bc4 Re8 12. 0-0 a6 13. a4 b6 14. Nc3 Bb7 15. Rad1 Rac8 16. Ba2 Ng6 17. f4 Kh8 18. f5 Nge5 19. f6 gxf6 20. Rxf6 Rg8 21. Ne2 Rg6 22. Rxg6 hxg6 23. b4 b5 24. axb5 axb5 25. Nd4 Ba6 26. Rf1 Kg8 27. c3 Nd3 28. Nb3 Nd8 29. Bc5 d6 30. Bd4 Bb7 31. e5 dxe5 32. Bc5 Bd5 33. Bb1 Nb2 34. Nd2 Na4 35. Nf3 Bxf3 36. Rxf3 Nxc5 37. bxc5 Rxc5 38. Ba2 Nb7 39. Z0 Nd6 40. Rd3 Ne4 41. Rd8+ Kg7 42. Rd7 Nxc3 43. Bxe6 Kf6 44. Bb3 b4 45. Rxf7+ Kg5 46. Rb7 Rb5 47. Rg7 e4 48. Kf2 Rb6 49. Ke3 Kf5 50. Rf7+ Rf6 51. Rb7 Rd6 52. Rxb4 Rd3+ 53. Kf2 Rd2+ 54. Kg3 Ne2+ 55. Kh4 Kf4 56. g3+ Ke3 57. Bf7 Ng1 58. Rb3+ Kd4 59. Bxg6 Rxh2+ 60. Kg4 e3 61. Rd3+ Kc5 62. Rxe3 Re2 63. Rxe2 Nxe2 64. Kf3 Nxg3 1/2-1/2

[Event "GER-ch Schools U18 Girls"]
[Site "Germany"]
[Date "2010.05.08"]
[Round "5.1"]
[White "Stitterich, Nadine"]
[Black "Raab, Helen"]
[Result "1/2-1/2"]
[WhiteElo "1974"]
[BlackElo "1697"]
[PlyCount "56"]
[EventDate "2010.05.07"]
[EventType "team-swiss"]
[EventRounds "7"]
[EventCountry "GER"]
[SourceTitle "EXT 2011"]
[Source "ChessBase"]
[SourceDate "2010.11.26"]
[SourceVersion "1"]
[SourceVersionDate "2010.11.26"]
[SourceQuality "1"]
[WhiteTeam "Stuttgart SG (W)"]
[BlackTeam "Mainz Gymn (W)"]
[WhiteTeamCountry "GER"]
[BlackTeamCountry "GER"]

1. e4 e6 2. d3 d5 3. Nd2 Nf6 4. Ngf3 c5 5. g3 Nc6 6. Bg2 Bd6 7. 0-0 0-0 8. Re1 Qc7 9. Qe2 dxe4 10. dxe4 e5 11. c3 a6 12. a4 Na5 13. Nc4 Nxc4 14. Qxc4 Be6 15. Qe2 c4 16. Ng5 Bg4 17. f3 Bd7 18. Rd1 Rfe8 19. Kh1 Rac8 20. a5 h6 21. Nh3 Be6 22. Nf2 Nd7 23. Ra2 Nc5 24. Be3 Nb3 25. Bb6 Qc6 26. f4 f6 27. f5 Bf7 28. Be3 Red8 1/2-1/2

[Event "GER-ch Schools U18 Girls"]
[Site "Germany"]
[Date "2009.05.17"]
[Round "4.1"]
[White "Raab, Helen"]
[Black "Klinger, Jacquelin"]
[Result "0-1"]
[WhiteElo "1587"]
[BlackElo "1329"]
[PlyCount "60"]
[EventDate "2009.05.16"]
[EventType "team-swiss"]
[EventRounds "7"]
[EventCountry "GER"]
[SourceTitle "EXT 2011"]
[Source "ChessBase"]
[SourceDate "2010.11.26"]
[SourceVersion "1"]
[SourceVersionDate "2010.11.26"]
[SourceQuality "1"]
[WhiteTeam "Mainz Gymn (W)"]
[BlackTeam "Wattenscheid (W)"]
[WhiteTeamCountry "GER"]
[BlackTeamCountry "GER"]

1. e4 c5 2. Nf3 e6 3. d4 Nf6 4. e5 Nd5 5. c3 cxd4 6. cxd4 d6 7. Nc3 Nc7 8. Be3 Be7 9. Bc4 dxe5 10. Nxe5 0-0 11. f4 Nd7 12. 0-0 Nf6 13. Qf3 Rb8 14. Rad1 b5 15. Nc6 Bb7 16. Nxb5 Nxb5 17. Bxb5 Bxc6 18. Qxc6 Rb6 19. Qc4 Qd5 20. a4 Qxc4 21. Bxc4 Rxb2 22. d5 exd5 23. Bxd5 Rb4 24. Bc6 a6 25. Rc1 Rc8 26. Rfe1 h6 27. g3 Ng4 28. Bd2 Rb2 29. Bc3 Bc5+ 30. Kf1 Rf2+ 0-1

[Event "GER-ch Schools U18 Girls"]
[Site "Germany"]
[Date "2009.05.16"]
[Round "2.1"]
[White "Raab, Helen"]
[Black "Kickert, Germaine Helene"]
[Result "1/2-1/2"]
[WhiteElo "1587"]
[BlackElo "1926"]
[PlyCount "100"]
[EventDate "2009.05.16"]
[EventType "team-swiss"]
[EventRounds "7"]
[EventCountry "GER"]
[SourceTitle "EXT 2011"]
[Source "ChessBase"]
[SourceDate "2010.11.26"]
[SourceVersion "1"]
[SourceVersionDate "2010.11.26"]
[SourceQuality "1"]
[WhiteTeam "Mainz Gymn (W)"]
[BlackTeam "Jever (W)"]
[WhiteTeamCountry "GER"]
[BlackTeamCountry "GER"]

1. e4 c5 2. Nf3 Nc6 3. d4 cxd4 4. Nxd4 g6 5. Nc3 Bg7 6. Be3 Nf6 7. Be2 0-0 8. Qd2 d5 9. exd5 Nxd5 10. Nxd5 Qxd5 11. Bf3 Qd7 12. Rd1 Nxd4 13. Bxd4 Qe6+ 14. Qe2 Qxa2 15. Bxg7 Kxg7 16. Qe5+ Kg8 17. 0-0 Qe6 18. Rfe1 Qxe5 19. Rxe5 Re8 20. Rb5 Rb8 21. Ra1 a6 22. Rxa6 Bg4 23. Ra3 Bxf3 24. Rxf3 Red8 25. g3 Kf8 26. Rfb3 Rd7 27. c4 Ke8 28. c5 Rc7 29. Rc3 Kd7 30. Rb6 Rc6 31. Rd3+ Kc7 32. Rb5 Ra8 33. f4 Re6 34. Kf2 Re4 35. Re3 Rxe3 36. Kxe3 Ra6 37. Rb3 Kc6 38. Rc3 Ra2 39. Rb3 Ra7 40. Rc3 Ra2 41. Rc2 Kd5 42. Kd3 Ra4 43. Re2 Rd4+ 44. Kc3 Rc4+ 45. Kb3 Rxc5 46. Rxe7 Rb5+ 47. Kc3 Rc5+ 48. Kd3 Kc6 49. Rxf7 h5 50. h4 Rb5 1/2-1/2

[Event "GER-ch Schools U18 Girls"]
[Site "Germany"]
[Date "2009.05.16"]
[Round "1.1"]
[White "Wendt, Anne"]
[Black "Raab, Helen"]
[Result "0-1"]
[WhiteElo "800"]
[BlackElo "1587"]
[PlyCount "50"]
[EventDate "2009.05.16"]
[EventType "team-swiss"]
[EventRounds "7"]
[EventCountry "GER"]
[SourceTitle "EXT 2011"]
[Source "ChessBase"]
[SourceDate "2010.11.26"]
[SourceVersion "1"]
[SourceVersionDate "2010.11.26"]
[SourceQuality "1"]
[WhiteTeam "Neubrandenburg (W)"]
[BlackTeam "Mainz Gymn (W)"]
[WhiteTeamCountry "GER"]
[BlackTeamCountry "GER"]

1. e4 e6 2. d4 d5 3. e5 c5 4. Nf3 cxd4 5. Nxd4 Nc6 6. Be3 Nxe5 7. f4 Nc6 8. Bb5 Bd7 9. Nd2 Nxd4 10. Bxd7+ Qxd7 11. Bxd4 Ne7 12. Nf3 Ng6 13. Qd2 f6 14. Qe3 Bd6 15. g3 Ne7 16. g4 b6 17. 0-0-0 Rc8 18. g5 Qc7 19. c3 Bxf4 20. Rd3 Bxe3+ 21. Rxe3 Qf4 22. Kc2 e5 23. Rhe1 0-0 24. gxf6 gxf6 25. Rg1+ Ng6 0-1

[Event "Rheinland-ch H2"]
[Site "Mainz Laubenheim"]
[Date "2002.03.24"]
[Round "3.5"]
[White "Raab, Helen"]
[Black "Ludwig, Gerhard"]
[Result "0-1"]
[WhiteElo "1109"]
[BlackElo "984"]
[PlyCount "138"]
[EventDate "2002.03.23"]
[EventType "swiss"]
[EventRounds "7"]
[EventCountry "GER"]
[SourceTitle "EXT 2003"]
[Source "ChessBase"]
[SourceDate "2002.11.25"]
[SourceVersion "1"]
[SourceVersionDate "2002.11.25"]
[SourceQuality "1"]

1. e4 e5 2. Nf3 d6 3. Bc4 Nf6 4. d3 h6 5. 0-0 Nbd7 6. a3 g6 7. b4 Bg7 8. Bb2 0-0 9. Nbd2 b6 10. Re1 Bb7 11. Nf1 c5 12. Ng3 h5 13. Bc3 Qc7 14. Ng5 d5 15. Bb3 Bh6 16. Bd2 c4 17. Ba2 b5 18. Qe2 d4 19. dxc4 Qc6 20. Rac1 Nb6 21. cxb5 Qc7 22. c4 Rad8 23. Qd3 Na4 24. Rb1 h4 25. Nf1 Nc3 26. Ra1 Bxe4 27. Qh3 Nxa2 28. Rxa2 Qxc4 29. Raa1 d3 30. Rac1 Qd5 31. Nf3 Bxf3 32. gxf3 Bxd2 33. Nxd2 Qa2 34. Rcd1 Qxa3 35. Qxh4 Nh5 36. Rxe5 Qa4 37. Ree1 Qxb5 38. Re3 Rd5 39. Qe4 Rg5+ 40. Kf1 Qd7 41. Qxd3 Qh3+ 42. Ke1 Rg1+ 43. Nf1 Nf4 44. Qc4 Qxh2 45. Kd2 Qxf2+ 46. Re2 Rd8+ 47. Kc1 Rxd1+ 48. Kxd1 Qxf1+ 49. Kd2 Qd1+ 50. Ke3 Ng2+ 51. Ke4 Kh7 52. Qa2 Kh8 53. Qb3 Kh7 54. Qc4 f5+ 55. Ke5 Qa1+ 56. Kd6 Kg7 57. Re7+ Kh6 58. Qf7 Qd4+ 59. Qd5 Qxb4+ 60. Kd7 Nf4 61. Qg8 Rd1+ 62. Ke8 Nd5 63. Rh7+ Kg5 64. Qf8 Nf6+ 65. Kf7 Rd7+ 66. Ke6 Qxf8 67. Rxd7 Qe8+ 68. Re7 Qc8+ 69. Kf7 Qg8# 0-1